[Event "FRA Team Ch"]
[Site "Bordeaux"]
[Date "2001.03.29"]
[Round "4.3"]
[White "Mellado Trivino, Juan"]
[Black "Fressinet, Laurent"]
[Result "0-1"]
[WhiteElo "2460"]
[BlackElo "2581"]
[Annotator "Orange - Montpellier"]
[PlyCount "82"]
[EventDate "2001.??.??"]

1. c4 e5 2. Nc3 Nc6 3. Nf3 f5 4. d4 e4 5. Bg5 Be7 6. Bxe7 Ncxe7 7. Nd2 Nf6 8.
e3 O-O 9. Be2 d6 10. O-O c5 11. Nb3 b6 12. a4 Nc6 13. a5 Rb8 14. axb6 axb6 15.
Nb5 Qe7 16. Qd2 Rd8 17. Rfd1 Bd7 18. d5 Ne5 19. Ra7 {=} 19... Nfg4 20. Bxg4
fxg4 21. Qc3 Qf6 22. Nd2 Qg6 23. Qc2 Bf5 24. Nc3 Rf8 25. Ne2 Nf3+ 26. gxf3 exf3
27. e4 fxe2 28. Re1 g3 29. hxg3 Bg4 30. Qc3 Rf6 31. e5 dxe5 32. Qxe5 Rbf8 33.
Ne4 Rf5 34. Qe6+ Qxe6 35. dxe6 Re5 36. e7 Re8 37. Nd6 R5xe7 38. Rxe7 Rxe7 39.
Kg2 Rd7 40. f3 Rxd6 41. fxg4 Re6 0-1

[Event "FRA Team Ch"]
[Site "Bordeaux"]
[Date "2001.03.29"]
[Round "4.4"]
[White "Flear, Glenn C"]
[Black "Guidarelli, Laurent"]
[Result "1-0"]
[WhiteElo "2476"]
[BlackElo "2297"]
[Annotator "Montpellier - Orange"]
[PlyCount "65"]
[EventDate "2001.??.??"]

1. d4 Nf6 2. c4 c5 3. d5 b5 4. Nf3 g6 5. cxb5 a6 6. Qc2 Bg7 7. e4 axb5 8. Bxb5
O-O 9. O-O Ba6 10. Na3 Qb6 11. Bxa6 Nxa6 12. Nc4 Nb4 13. Qe2 Qb5 14. a3 e6 15.
dxe6 fxe6 16. Bf4 Nc6 17. Bd6 Nh5 18. Rac1 Bh6 19. Rc3 Nd4 20. Qd1 Nxf3+ 21.
gxf3 Nf4 22. Kh1 Ra6 23. Bxf8 Bxf8 24. e5 Nd5 25. Rc2 Ra4 26. Qe2 Nf4 27. Qe4
Bh6 28. Rd1 Qb3 29. Rxd7 Nd5 30. Rxd5 exd5 31. Qxd5+ Kg7 32. Qd7+ Kg8 33. Rc3
1-0

[Event "FRA Team Ch"]
[Site "Bordeaux"]
[Date "2001.03.29"]
[Round "4.5"]
[White "Goldgewicht, Lionel"]
[Black "Prie, Eric"]
[Result "0-1"]
[WhiteElo "2345"]
[BlackElo "2490"]
[Annotator "Orange - Montpellier"]
[PlyCount "88"]
[EventDate "2001.??.??"]

1. e4 d5 2. exd5 Qxd5 3. Nf3 Bg4 4. Be2 Nc6 5. d4 Nf6 6. O-O e6 7. Be3 Be7 8.
c4 Qd6 9. Nc3 O-O 10. Nb5 Qd8 11. h3 Bh5 12. Bf4 Rc8 13. g4 Bg6 14. Ne5 Bd6 15.
Nxd6 cxd6 16. Nxg6 hxg6 17. d5 exd5 18. cxd5 Ne5 19. Qb3 Qb6 20. Rfd1 Qxb3 21.
axb3 Rc2 22. Bxe5 dxe5 23. Bc4 a6 24. d6 Rd8 25. Ra5 b5 26. Bd5 Nxd5 27. Rxd5
Rc6 28. Rxe5 Rdxd6 29. Re8+ Kh7 30. Ra8 g5 31. Ra7 Rf6 32. Ra1 Rc2 33. R7xa6
Rfxf2 34. Rb6 Rg2+ 35. Kf1 Rgf2+ 36. Ke1 Rfe2+ 37. Kf1 Rf2+ 38. Kg1 Rg2+ 39.
Kf1 Rh2 40. Kg1 Rcg2+ 41. Kf1 Rxb2 42. Kg1 Rxh3 43. Rxb5 Rg3+ 44. Kf1 Rxg4 0-1

[Event "FRA Team Ch"]
[Site "Bordeaux"]
[Date "2001.03.29"]
[Round "4.6"]
[White "Santo-Roman, Marc"]
[Black "Gachon, Lionel"]
[Result "0-1"]
[WhiteElo "2416"]
[BlackElo "2237"]
[Annotator "Montpellier - Orange"]
[PlyCount "77"]
[EventDate "2001.??.??"]

1. e4 g6 2. d4 Bg7 3. Nf3 d6 4. Bc4 c6 5. Bb3 e6 6. O-O Ne7 7. Bf4 d5 8. Nc3
O-O 9. Qd2 Nd7 10. Rfe1 b6 11. a4 Bb7 12. a5 bxa5 13. Bd6 Re8 14. Qf4 Nf6 15.
Bc7 Qc8 16. Be5 Nh5 17. Qh4 f6 18. Bd6 Qd7 19. Bc5 Qc7 20. exd5 exd5 21. g4 Nf4
22. Ne4 g5 23. Qg3 Neg6 24. Nd6 Ne2+ 25. Rxe2 Rxe2 26. h4 h6 27. Nxb7 Qxb7 28.
Rxa5 Bf8 29. Bxf8 Rxf8 30. Qd6 Nf4 31. Kf1 Qc8 32. Nh2 Rfe8 33. Ra1 Qa6 34.
Bxd5+ Kg7 35. Qd7+ R2e7+ 36. Rxa6 Rxd7 37. Bxc6 Rxd4 38. Rxa7+ Kf8 39. Bf3 {
Temps} 0-1

[Event "FRA Team Ch"]
[Site "Bordeaux"]
[Date "2001.03.29"]
[Round "4.7"]
[White "Guadalpi, David"]
[Black "Letreguilly, Olivier"]
[Result "1/2-1/2"]
[WhiteElo "2282"]
[BlackElo "2301"]
[Annotator "Orange - Montpellier"]
[PlyCount "62"]
[EventDate "2001.??.??"]

1. e4 e6 2. d4 d5 3. Nc3 Nf6 4. e5 Nfd7 5. f4 c5 6. Nf3 Nc6 7. Be3 a6 8. Qd2 b5
9. dxc5 Nxc5 10. a3 Bb7 11. Rd1 Qc7 12. Qf2 Nd7 13. Bd3 b4 14. axb4 Nxb4 15.
O-O Bc5 16. Nd4 g6 17. Kh1 O-O 18. Qh4 Rfe8 19. Rf3 Qd8 20. Qf2 Rc8 21. Rh3 Qe7
22. Qg3 Nxd3 23. cxd3 f6 24. Nde2 d4 25. Bxd4 Bxd4 26. Nxd4 fxe5 27. fxe5 Rc5
28. Re1 Qg7 29. Nf3 Bxf3 30. Qxf3 Rxe5 31. Ne4 Rf8 1/2-1/2

[Event "FRA Team Ch"]
[Site "Bordeaux"]
[Date "2001.03.29"]
[Round "4.8"]
[White "Touzane, Olivier"]
[Black "Dacalor, Aurelie"]
[Result "1-0"]
[WhiteElo "2388"]
[BlackElo "2162"]
[Annotator "Montpellier - Orange"]
[PlyCount "61"]
[EventDate "2001.??.??"]

1. d4 g6 2. e4 Bg7 3. c4 d6 4. Nc3 c6 5. f4 Qc7 6. Be3 Nd7 7. Nf3 e5 8. c5 dxc5
9. dxe5 Ne7 10. Qd6 Qxd6 11. exd6 Ng8 12. e5 Nh6 13. h3 O-O 14. g4 Re8 15. Kf2
Kh8 16. g5 Nf5 17. Bc4 Nxe3 18. Kxe3 Kg8 19. Rad1 b5 20. Bd3 a6 21. Ne4 c4 22.
Bb1 c5 23. Nc3 Bb7 24. Be4 Bxe4 25. Kxe4 Nb6 26. Nd5 Rab8 27. Nxb6 Rxb6 28. Kd5
Rc8 29. Nd2 Rb7 30. Ne4 c3 31. Nxc5 1-0

[Event "FRA Team Ch"]
[Site "Bordeaux"]
[Date "2001.03.29"]
[Round "4.9"]
[White "Guadalpi, Gerard"]
[Black "Flear, Christine"]
[Result "1-0"]
[WhiteElo "2060"]
[BlackElo "2184"]
[Annotator "Orange - Montpellier"]
[PlyCount "99"]
[EventDate "2001.??.??"]

1. Nf3 Nf6 2. g3 e6 3. c4 d5 4. b3 Be7 5. Bb2 O-O 6. Bg2 Nbd7 7. O-O b6 8. cxd5
exd5 9. Nc3 Bb7 10. Rc1 a6 11. Re1 c5 12. d4 Rc8 13. e3 Rc7 14. dxc5 bxc5 15.
Re2 Qa8 16. Rd2 Bc6 17. Nh4 Nb6 18. Nf5 Bd8 19. Ba3 Bb7 20. Nd6 Be7 21. Nxb7
Qxb7 22. Nxd5 Nbxd5 23. Bxd5 Qc8 24. Bg2 Qe6 25. Rc4 h6 26. h3 Rfc8 27. Qc2 Rd7
28. Rxd7 Nxd7 29. Qe4 Qf6 30. Rc1 Nb6 31. Rd1 Bf8 32. Qb7 c4 33. Bxf8 Rxf8 34.
bxc4 Nxc4 35. Bd5 Ne5 36. Rd4 Qf5 37. g4 Qf6 38. Kg2 Ng6 39. Kg1 39... Nh4 {=}
40. Rf4 Qg6 41. e4 h5 42. Qe7 hxg4 43. Qxh4 gxh3+ 44. Qg3 Qh5 45. Rg4 Qh6 46.
Rg6 h2+ 47. Kh1 Qh7 48. Rxa6 Qh5 49. Ra8 Qd1+ 50. Kxh2 1-0

[Event "FRA Team Ch"]
[Site "Bordeaux"]
[Date "2001.03.29"]
[Round "4.1"]
[White "Bacrot, Etienne"]
[Black "Badea, Bela"]
[Result "1/2-1/2"]
[WhiteElo "2618"]
[BlackElo "2460"]
[Annotator "Cannes - Bordeaux"]
[PlyCount "49"]
[EventDate "2001.??.??"]

1. d4 g6 2. c4 Bg7 3. e4 d6 4. Nc3 Nd7 5. Nf3 e5 6. Be2 Ngf6 7. O-O O-O 8. Re1
c6 9. d5 Nc5 10. Bf1 a5 11. Rb1 Qc7 12. b3 Bd7 13. Bg5 h6 14. Bh4 Rfb8 15. Bxf6
Bxf6 16. a3 Na6 17. Qd2 Bg7 18. g3 Nc5 19. b4 axb4 20. axb4 Na4 21. dxc6 Nxc3
22. Qxc3 Qxc6 23. Nd2 Be6 24. Bd3 Re8 25. Qb2 1/2-1/2

[Event "FRA Team Ch"]
[Site "Bordeaux"]
[Date "2001.03.29"]
[Round "4.2"]
[White "Spraggett, Kevin"]
[Black "Gallagher, Joseph"]
[Result "1-0"]
[WhiteElo "2526"]
[BlackElo "2519"]
[Annotator "Bordeaux - Cannes"]
[PlyCount "61"]
[EventDate "2001.??.??"]

1. e4 c5 2. Nf3 d6 3. d4 cxd4 4. Nxd4 Nf6 5. Nc3 a6 6. Be2 e5 7. Nb3 Be7 8. O-O
O-O 9. Re1 Be6 10. Bf1 Nbd7 11. Nd5 Nxd5 12. exd5 Bf5 13. a4 Rc8 14. c3 Bg6 15.
a5 f5 16. f4 Bf6 17. Ra4 Nc5 18. Rb4 Nxb3 19. Rxb3 Qd7 20. Be3 Rfe8 21. Qd2
exf4 22. Bxf4 Rxe1 23. Qxe1 Re8 24. Qd2 Be5 25. Rb6 Qc7 26. Bxe5 Rxe5 27. c4
Qe7 28. c5 dxc5 29. d6 Qd7 30. Rxb7 Qxb7 31. d7 1-0

[Event "FRA Team Ch"]
[Site "Bordeaux"]
[Date "2001.03.29"]
[Round "4.4"]
[White "Rainfray, Arnaud"]
[Black "Kazhgaleyev, Murtas"]
[Result "0-1"]
[WhiteElo "2390"]
[BlackElo "2571"]
[Annotator "Bordeaux - Cannes"]
[PlyCount "64"]
[EventDate "2001.??.??"]

1. e4 c5 2. c3 d5 3. exd5 Qxd5 4. d4 Nc6 5. Nf3 Bg4 6. Be2 cxd4 7. cxd4 e6 8.
h3 Bh5 9. O-O Nf6 10. Nc3 Qa5 11. a3 Be7 12. Be3 O-O 13. Qb3 Qc7 14. Rfd1 Rad8
15. d5 exd5 16. Nxd5 Nxd5 17. Rxd5 Rxd5 18. Qxd5 Bg6 19. Qc4 Rc8 20. Rd1 a6 21.
Bf4 Qb6 22. b4 Bf5 23. Be3 Qc7 24. Ng5 Ne5 25. Qxc7 Rxc7 26. Bf4 Rc2 27. Bf1 f6
28. g4 Bg6 29. Ne6 Nf3+ 30. Kg2 Be4 31. Kg3 g5 32. Bd6 Rd2 0-1

[Event "FRA Team Ch"]
[Site "Bordeaux"]
[Date "2001.03.29"]
[Round "4.5"]
[White "Anic, Darko"]
[Black "Seret, Jean-Luc"]
[Result "0-1"]
[WhiteElo "2469"]
[BlackElo "2358"]
[Annotator "Cannes - Bordeaux"]
[PlyCount "59"]
[EventDate "2001.??.??"]

1. Nf3 d6 2. d4 Bg4 3. c4 Nd7 4. Nc3 g6 5. g3 Bxf3 6. exf3 Bg7 7. f4 e6 8. Bg2
c6 9. d5 exd5 10. cxd5 c5 11. O-O Ne7 12. Re1 O-O 13. Bh3 Nb6 14. a4 Bd4 15. f5
Nxf5 16. Bxf5 gxf5 17. Bh6 Bg7 18. Bxg7 Kxg7 19. Qb3 Qf6 20. Qb5 Rfd8 21. Re3
Nd7 22. Rae1 Ne5 23. f4 Ng4 24. Rd3 a6 25. Qb6 Re8 26. Rxe8 Rxe8 27. h3 Qh6 28.
Kg2 Ne3+ 29. Kh2 Qh5 30. Qxd6 {temps} 0-1

[Event "FRA Team Ch"]
[Site "Bordeaux"]
[Date "2001.03.29"]
[Round "4.6"]
[White "Pujos, Stephane"]
[Black "Fontaine, Robert"]
[Result "0-1"]
[WhiteElo "2269"]
[BlackElo "2451"]
[Annotator "Bordeaux - Cannes"]
[PlyCount "69"]
[EventDate "2001.??.??"]

1. e4 c6 2. d4 d5 3. exd5 cxd5 4. c4 Nf6 5. Nc3 g6 6. Qb3 Bg7 7. cxd5 O-O 8.
Be2 Nbd7 9. Bf3 Nb6 10. Nge2 Bg4 11. Bxg4 Nxg4 12. O-O Nf6 13. a4 Qd7 14. d6
Qxd6 15. Bf4 Qd7 16. a5 Nbd5 17. Be5 Rac8 18. Rfe1 Rfd8 19. h3 Rc6 20. Na4 Qc8
21. Ng3 e6 22. Nc5 b6 23. axb6 axb6 24. Nce4 Nxe4 25. Nxe4 f6 26. Bh2 f5 27.
Nc3 Nxc3 28. bxc3 Rxc3 29. Qxb6 Rc6 30. Qb3 Bxd4 31. Rad1 Rc2 32. Bg3 Rb2 33.
Qa4 Qc5 34. Re3 Kf7 35. Be5 {temps} 0-1

[Event "FRA Team Ch"]
[Site "Bordeaux"]
[Date "2001.03.29"]
[Round "4.7"]
[White "Levacic, Damir"]
[Black "Lagunes, Jean-Renaud"]
[Result "1-0"]
[WhiteElo "2285"]
[BlackElo "2184"]
[Annotator "Cannes - Bordeaux"]
[PlyCount "75"]
[EventDate "2001.??.??"]

1. Nf3 Nf6 2. d4 g6 3. Bf4 Bg7 4. e3 d6 5. h3 O-O 6. Be2 b6 7. O-O Ba6 8. a4
Bxe2 9. Qxe2 a6 10. e4 e6 11. e5 Nd5 12. Bg5 Qe8 13. c4 Nb4 14. Qd2 N4c6 15.
exd6 cxd6 16. Nc3 Ne7 17. Rfe1 Qd7 18. a5 bxa5 19. d5 e5 20. Na4 Ra7 21. Be3
Rb7 22. c5 Rb5 23. c6 Nbxc6 24. dxc6 Qxc6 25. Nc3 Rb3 26. Rxa5 Rfb8 27. Ra2 Nf5
28. Nd5 Qb7 29. Rc1 Nd4 30. Bxd4 exd4 31. Nc7 Rxf3 32. gxf3 Qxf3 33. Ra3 Qh5
34. Re1 Be5 35. Qe2 Qf5 36. Nd5 Rb7 37. Qg4 Qxg4+ 38. hxg4 1-0

[Event "FRA Team Ch"]
[Site "Bordeaux"]
[Date "2001.03.29"]
[Round "4.8"]
[White "Cousigne, Frederic"]
[Black "Acher, Mathieu"]
[Result "1-0"]
[WhiteElo "2203"]
[BlackElo "2264"]
[Annotator "Bordeaux - Cannes"]
[PlyCount "69"]
[EventDate "2001.??.??"]

1. d4 Nf6 2. c4 g6 3. Nc3 Bg7 4. e4 d6 5. h3 O-O 6. Bg5 a6 7. Nf3 c5 8. d5 b5
9. Bd3 bxc4 10. Bxc4 Nbd7 11. O-O Nb6 12. b3 Nxc4 13. bxc4 Rb8 14. Rc1 Nd7 15.
Re1 Re8 16. Bf4 Rb4 17. Qe2 Qb6 18. e5 dxe5 19. Nxe5 Nxe5 20. Bxe5 Bxe5 21.
Qxe5 Rxc4 22. d6 Be6 23. dxe7 Qb2 24. Qd6 Qb7 25. Rxe6 Rxc3 26. Rxc3 fxe6 27.
Qxe6+ Kg7 28. Qe5+ Kg8 29. Re3 Qa7 30. h4 Qb6 31. h5 Qb1+ 32. Kh2 Qxa2 33. hxg6
hxg6 34. Rh3 Qd2 35. Rh8+ 1-0

[Event "FRA Team Ch"]
[Site "Bordeaux"]
[Date "2001.03.29"]
[Round "4.9"]
[White "Leconte, Maria"]
[Black "Feuvrier, Stephanie"]
[Result "1-0"]
[WhiteElo "2258"]
[BlackElo "2048"]
[Annotator "Cannes - Bordeaux"]
[PlyCount "87"]
[EventDate "2001.??.??"]

1. e4 e5 2. Nf3 Nc6 3. Bc4 Bc5 4. c3 Nf6 5. d3 d6 6. Nbd2 h6 7. h3 O-O 8. Bb3
Re8 9. Nf1 d5 10. Qe2 a5 11. Ne3 d4 12. Nd5 a4 13. Nxf6+ Qxf6 14. Bc2 Rd8 15.
O-O b5 16. a3 Be6 17. Kh1 dxc3 18. bxc3 Ne7 19. Be3 Bd6 20. Nh2 Ng6 21. Rfb1
Rab8 22. d4 Bc4 23. Qf3 Qe7 24. Ng4 Kh7 25. g3 c6 26. h4 f6 27. d5 Qd7 28. Bxh6
Rf8 29. Bd2 f5 30. Ne3 Ne7 31. exf5 Kg8 32. Nxc4 bxc4 33. dxc6 Qxc6 34. Qxc6
Nxc6 35. Bxa4 Ne7 36. Bb5 Rfc8 37. Bd7 Rxb1+ 38. Rxb1 Ra8 39. a4 Ra7 40. Be6+
Kh8 41. Ra1 Ra5 42. Be3 e4 43. Bb6 Re5 44. a5 1-0

[Event "FRA Team Ch"]
[Site "Bordeaux"]
[Date "2001.03.29"]
[Round "4.2"]
[White "Komarov, Dimitri"]
[Black "Andersson, Ulf"]
[Result "1/2-1/2"]
[WhiteElo "2540"]
[BlackElo "2640"]
[Annotator "Drancy - Monaco"]
[PlyCount "21"]
[EventDate "2001.??.??"]

1. d4 Nf6 2. c4 e6 3. Nf3 d5 4. Nc3 Nbd7 5. Bg5 Be7 6. e3 O-O 7. Qc2 c5 8. Rd1
Qa5 9. cxd5 Nxd5 10. Bxe7 Nxe7 11. Bd3 1/2-1/2

[Event "FRA Team Ch"]
[Site "Bordeaux"]
[Date "2001.03.29"]
[Round "4.3"]
[White "Kosten, Anthony C"]
[Black "Godard, Maxence"]
[Result "1-0"]
[WhiteElo "2519"]
[BlackElo "2377"]
[Annotator "Monaco - Drancy"]
[PlyCount "81"]
[EventDate "2001.??.??"]

1. c4 e5 2. g3 Nf6 3. Bg2 d5 4. cxd5 Nxd5 5. Nf3 Nc6 6. O-O Nb6 7. Nc3 Be7 8.
Rb1 g5 9. b4 g4 10. Ne1 Nxb4 11. Nc2 Nxc2 12. Qxc2 O-O 13. a4 c6 14. d3 Nd7 15.
Bh6 Re8 16. f4 Bf8 17. Bxf8 Nxf8 18. Qd2 Qe7 19. f5 f6 20. Ne4 Kg7 21. e3 h5
22. Qe2 Nh7 23. h3 gxh3 24. Bxh3 Rd8 25. Bg2 b6 26. Rbd1 Bd7 27. Qxh5 Be8 28.
Qh4 Kh8 29. d4 Bf7 30. dxe5 Qxe5 31. Qf4 Qxf4 32. gxf4 Bb3 33. Ra1 Bd5 34. Kf2
Kg7 35. Rh1 Nf8 36. Rag1 Kf7 37. Rh6 Bxe4 38. Bxe4 Rd6 39. Bf3 Rc8 40. Bh5+ Ke7
41. Rg7+ 1-0

[Event "FRA Team Ch"]
[Site "Bordeaux"]
[Date "2001.03.29"]
[Round "4.5"]
[White "Efimov, Igor"]
[Black "Salaun, Yann"]
[Result "0-1"]
[WhiteElo "2480"]
[BlackElo "2391"]
[Annotator "Monaco - Drancy"]
[PlyCount "106"]
[EventDate "2001.??.??"]

1. Nf3 Nf6 2. c4 e6 3. d4 b6 4. Nc3 Bb7 5. Bg5 Be7 6. e3 O-O 7. Bd3 c5 8. O-O
cxd4 9. exd4 Bxf3 10. Qxf3 Nc6 11. Qh3 g6 12. Rad1 d5 13. Rfe1 Nb4 14. Bf1 dxc4
15. Bxc4 Nc2 16. Re5 Qc7 17. Qd3 Nxd4 18. Qxd4 Rad8 19. Qf4 Rxd1+ 20. Nxd1 Nh5
21. Qg4 Qxe5 22. Bxe7 Rc8 23. Bb4 Nf6 24. Qf3 Ne4 25. Qe2 Qd4 26. Bd3 Nxf2 27.
Nxf2 Qxb4 28. g3 Rc1+ 29. Kg2 Qd4 30. Ne4 Kg7 31. Ng5 Rg1+ 32. Kh3 h5 33. Qf3
Qf6 34. Qe3 Rd1 35. Nf3 Qxb2 36. Ne5 Rd2 37. Nf3 Rf2 38. Bc4 a5 39. a4 Rc2 40.
Qe4 Rf2 41. Qe3 Rc2 42. Qe4 g5 43. g4 Kh6 44. Bxe6 Re2 45. Qd5 Rxe6 46. Qxg5+
Kh7 47. Qf5+ Kg7 48. gxh5 Qf6 49. Qg4+ Kh6 50. Kg3 Qg7 51. Qxg7+ Kxg7 52. Kf4
Kh6 53. Nd4 Re1 0-1

[Event "FRA Team Ch"]
[Site "Bordeaux"]
[Date "2001.03.29"]
[Round "4.6"]
[White "Moracchini, Fabrice"]
[Black "Hauchard, Arnaud"]
[Result "1/2-1/2"]
[WhiteElo "2316"]
[BlackElo "2527"]
[Annotator "Drancy - Monaco"]
[PlyCount "80"]
[EventDate "2001.??.??"]

1. d4 Nf6 2. c4 e6 3. Nc3 Bb4 4. Qc2 c5 5. dxc5 Qc7 6. a3 Bxc5 7. Nf3 a6 8. Bg5
Be7 9. e3 d6 10. Be2 Nbd7 11. O-O b6 12. Rfd1 Bb7 13. Rac1 Rc8 14. Bh4 O-O 15.
Qb1 Qb8 16. Bg3 Rfd8 17. b4 Nf8 18. Nd2 Qa8 19. Na4 Qa7 20. Nc3 Ng6 21. Nde4
Ne8 22. Bf1 Qa8 23. Nd2 Nf6 24. Na4 Qa7 25. Be2 Bc6 26. Nc3 Qb7 27. f3 d5 28.
cxd5 Nxd5 29. Nxd5 Bxd5 30. Nc4 Bg5 31. Bf2 Rd7 32. Rc2 Rcd8 33. e4 Bxc4 34.
Rxd7 Rxd7 35. Rxc4 Bf6 36. Qc1 h6 37. Rc6 Bd8 38. Bf1 Ne7 39. Rc2 b5 40. Qe3
Rd6 1/2-1/2

[Event "FRA Team Ch"]
[Site "Bordeaux"]
[Date "2001.03.29"]
[Round "4.7"]
[White "Miralles, Gilles"]
[Black "Borne, Niels"]
[Result "1/2-1/2"]
[WhiteElo "2473"]
[BlackElo "2322"]
[Annotator "Monaco - Drancy"]
[PlyCount "86"]
[EventDate "2001.??.??"]

1. e4 c5 2. Nf3 e6 3. d4 cxd4 4. Nxd4 Nc6 5. Nb5 d6 6. c4 Nf6 7. N1c3 a6 8. Na3
b6 9. Be2 Bb7 10. O-O Nb8 11. f3 Be7 12. Be3 Nbd7 13. Qd2 Qc7 14. Rac1 O-O 15.
Rfd1 Rac8 16. Bf1 Qb8 17. Qf2 Bd8 18. g4 Ne5 19. h3 Bc7 20. Bg2 Nfd7 21. f4 Ng6
22. Rf1 Nc5 23. Rcd1 Qa8 24. f5 Ne5 25. f6 gxf6 26. Bh6 Ncd7 27. Qd2 Bd8 28.
Bxf8 Nxf8 29. Qxd6 Nfg6 30. Qd2 Be7 31. Qe2 b5 32. Nab1 bxc4 33. Kh1 Nd3 34. b3
Ndf4 35. Qe1 Qb8 36. Rd7 Bc5 37. Qg3 Bc6 38. Rd2 cxb3 39. axb3 Qe5 40. h4 Nxg2
41. Rxg2 Qxg3 42. Rxg3 Nxh4 43. Rxf6 Rb8 1/2-1/2

[Event "FRA Team Ch"]
[Site "Bordeaux"]
[Date "2001.03.29"]
[Round "4.8"]
[White "Buchy, Daniel"]
[Black "Relange, Eloi"]
[Result "0-1"]
[WhiteElo "2185"]
[BlackElo "2484"]
[Annotator "Drancy - Monaco"]
[PlyCount "62"]
[EventDate "2001.??.??"]

1. f4 d5 2. Nf3 g6 3. e3 Bg7 4. d4 c5 5. c3 Nh6 6. dxc5 O-O 7. Be2 Nc6 8. O-O
e5 9. c4 dxc4 10. Qxd8 Rxd8 11. Bxc4 exf4 12. exf4 Nd4 13. Nxd4 Bxd4+ 14. Kh1
Ng4 15. h3 Nf2+ 16. Kh2 Bf5 17. Nc3 Rac8 18. Nd5 Rxc5 19. Ne7+ Kg7 20. Nxf5+
gxf5 21. Bb3 Re8 22. Kg3 Ne4+ 23. Kf3 Rc7 24. Rd1 Bb6 25. Rd3 Nf2 26. Rd5 Re1
27. Rxf5 Nd3 28. Bd2 Rxa1 29. Bc3+ Kf8 30. Rd5 Nc5 31. Bf6 Rc6 0-1

[Event "FRA Team Ch"]
[Site "Bordeaux"]
[Date "2001.03.29"]
[Round "4.9"]
[White "Te-Lallemand, Roza"]
[Black "Dewitte, Catherine"]
[Result "1-0"]
[WhiteElo "2291"]
[BlackElo "2016"]
[Annotator "Monaco - Drancy"]
[PlyCount "57"]
[EventDate "2001.??.??"]

1. e4 e6 2. d4 b6 3. Nf3 Bb7 4. Bd3 Nf6 5. Qe2 d5 6. e5 Ne4 7. Nbd2 Nxd2 8.
Bxd2 c5 9. c3 Be7 10. O-O Nc6 11. a3 Qc8 12. Rfe1 Na5 13. Bg5 Nb3 14. Rad1 h6
15. Bxe7 Kxe7 16. Bc2 Ba6 17. Qe3 cxd4 18. Nxd4 Nxd4 19. Rxd4 Qc5 20. Qg3 Rag8
21. Ra4 Qc8 22. Bd3 b5 23. Qh4+ Kd7 24. Ra5 Qc6 25. a4 Rb8 26. axb5 Bxb5 27.
Rxa7+ Rb7 28. Qb4 Ba6 29. Bxa6 1-0

[Event "FRA Team Ch"]
[Site "Mulhouse"]
[Date "2001.03.29"]
[Round "4.1"]
[White "Bologan, Viktor"]
[Black "Khenkin, Igor"]
[Result "1-0"]
[WhiteElo "2684"]
[BlackElo "2612"]
[Annotator "Gonfreville - Nancy"]
[PlyCount "85"]
[EventDate "2001.03.??"]

1. e4 c6 2. d4 d5 3. Nd2 dxe4 4. Nxe4 Bf5 5. Ng3 Bg6 6. h4 h6 7. Nf3 Nd7 8. h5
Bh7 9. Bd3 Bxd3 10. Qxd3 e6 11. Bf4 Qa5+ 12. Bd2 Qc7 13. O-O-O Ngf6 14. Ne4 Be7
15. Kb1 O-O 16. g4 Nxg4 17. Rdg1 f5 18. Qc4 Rf7 19. Qxe6 Nf8 20. Qc4 Qd7 21.
Rxg4 fxg4 22. Ne5 Qe6 23. Qe2 Rf5 24. Ng3 Rf6 25. Nxg4 Qxe2 26. Nxf6+ Bxf6 27.
Nxe2 Rd8 28. Be3 Ne6 29. c3 Kf7 30. Kc2 Rd5 31. a4 a6 32. b4 b5 33. a5 Be7 34.
Kd3 Bd6 35. Ke4 Be7 36. Nc1 Nf8 37. Nd3 Nd7 38. f4 Nf6+ 39. Kf3 Rxh5 40. Rxh5
Nxh5 41. Nc5 Nf6 42. Nxa6 Nd5 43. Nc5 {et gain au 50eme coup} 1-0

[Event "FRA Team Ch"]
[Site "Mulhouse"]
[Date "2001.03.29"]
[Round "4.3"]
[White "Beikert, Guenther"]
[Black "Turner, Matthew"]
[Result "0-1"]
[WhiteElo "2443"]
[BlackElo "2498"]
[Annotator "Gonfreville - Nancy"]
[PlyCount "74"]
[EventDate "2001.03.??"]

1. e4 e5 2. Nf3 Nc6 3. Bb5 a6 4. Bxc6 dxc6 5. O-O Bd6 6. d4 exd4 7. Qxd4 f6 8.
Be3 Ne7 9. Nbd2 Be6 10. Nc4 Bxh2+ 11. Kxh2 Qxd4 12. Nxd4 Bxc4 13. Rh1 O-O-O 14.
g4 h5 15. Kg3 hxg4 16. Kxg4 c5 17. Nb3 b6 18. Nd2 Be6+ 19. Kg3 Nc6 20. Nf3 Rxh1
21. Rxh1 Bxa2 22. b3 c4 23. Nd2 cxb3 24. cxb3 Nb4 25. Rc1 Kb7 26. f4 Rd3 27.
Kf3 Bxb3 28. Ke2 a5 29. Nxb3 Rxb3 30. Rg1 a4 31. e5 fxe5 32. fxe5 Nc6 33. e6
Rb5 34. Kd3 Re5 35. Rg4 a3 36. Ra4 Rxe6 37. Rxa3 Nb4+ 0-1

[Event "FRA Team Ch"]
[Site "Mulhouse"]
[Date "2001.03.29"]
[Round "4.4"]
[White "Arkell, Keith C"]
[Black "Rausis, Igor"]
[Result "1-0"]
[WhiteElo "2442"]
[BlackElo "2525"]
[Annotator "Nancy - Gonfreville"]
[PlyCount "119"]
[EventDate "2001.03.??"]

1. d4 d5 2. c4 c6 3. Nf3 dxc4 4. a4 Nf6 5. Nc3 Na6 6. e3 Bg4 7. Bxc4 e6 8. h3
Bxf3 9. Qxf3 Nb4 10. O-O Be7 11. Rd1 O-O 12. Qe2 c5 13. dxc5 Qc7 14. e4 Bxc5
15. e5 Nd7 16. Nb5 Qc6 17. Nxa7 Bxa7 18. Bb5 Qc5 19. Be3 Qxe5 20. Bxa7 Qxe2 21.
Bxe2 Nd5 22. Bd4 Rfc8 23. Bf3 Nc5 24. Ra3 Kf8 25. Bxd5 exd5 26. Be3 b6 27. Rxd5
Nxa4 28. Rb5 f6 29. b3 Nc3 30. Rxa8 Rxa8 31. Rxb6 Nd5 32. Bc5+ Kf7 33. Rb7+ Kg6
34. b4 h5 35. Rd7 Nc3 36. Kh2 Rb8 37. f3 h4 38. Rd4 Kh5 39. Rc4 Nd5 40. Bd6 Rb6
41. Bc5 Rb7 42. Rd4 Nc3 43. Rd3 Ne2 44. Re3 Nf4 45. Re7 Rxe7 46. Bxe7 Nd5 47.
Bc5 Nc3 48. Kg1 Kg5 49. Kf2 Kf4 50. Bd6+ Kg5 51. Ke3 Nb5 52. Bf8 g6 53. Kd3 Kf4
54. Be7 Kg3 55. Bxf6 Kxg2 56. Bxh4 Kxh3 57. Bg5 Nd6 58. Kd4 Kg3 59. f4 Kg4 60.
Kc5 1-0

[Event "FRA Team Ch"]
[Site "Mulhouse"]
[Date "2001.03.29"]
[Round "4.5"]
[White "Gouret, Thierry"]
[Black "Philippe, Christophe"]
[Result "1-0"]
[WhiteElo "2322"]
[BlackElo "2356"]
[Annotator "Gonfreville - Nancy"]
[PlyCount "135"]
[EventDate "2001.03.??"]

1. Nf3 d5 2. d4 Nf6 3. e3 Bf5 4. c4 e6 5. Qb3 Nc6 6. Bd2 Rb8 7. Nc3 Be7 8. cxd5
exd5 9. Be2 O-O 10. O-O a6 11. Kh1 Re8 12. Rac1 Bf8 13. Rfd1 Ne4 14. Be1 Nxc3
15. Bxc3 Re6 16. Rd2 Rh6 17. Qd1 Bd6 18. Ne5 Qh4 19. Qg1 f6 20. g3 Qh3 21. Nxc6
Be4+ 22. f3 Bxg3 23. fxe4 bxc6 24. Qg2 Qxh2+ 25. Qxh2 Rxh2+ 26. Kg1 Rh4 27.
exd5 Re8 28. Rd3 cxd5 29. Bf3 c6 30. Bb4 Bh2+ 31. Kg2 Bb8 32. Rh1 Rxh1 33. Kxh1
Kf7 34. Bd2 Bc7 35. Ra3 Rb8 36. b3 Ra8 37. Ba5 Bd6 38. Ra4 f5 39. Kg2 Ke6 40.
Be2 f4 41. exf4 Bxf4 42. Bb6 Kf5 43. Rxa6 Re8 44. Bd3+ Kg4 45. Ra7 g5 46. Rxh7
Re3 47. Bf1 Rg3+ 48. Kf2 Rf3+ 49. Ke2 Re3+ 50. Kd1 Rc3 51. Ba5 Rc1+ 52. Ke2
Rc2+ 53. Kd3 Rxa2 54. Be2+ Kf5 55. Bc3 Kg6 56. Rh8 Kf5 57. Rf8+ Kg6 58. Rc8 Ra6
59. Kc2 Ra2+ 60. Bb2 Kf5 61. Rxc6 g4 62. Bd3+ Kg5 63. Ra6 Rxa6 64. Bxa6 Kh4 65.
Bb7 g3 66. Bxd5 Kh3 67. Kd3 Kh2 68. b4 1-0

[Event "FRA Team Ch"]
[Site "Mulhouse"]
[Date "2001.03.29"]
[Round "4.9"]
[White "Gervais, Claire"]
[Black "Mourot, Clara"]
[Result "1-0"]
[WhiteElo "2170"]
[BlackElo "1900"]
[Annotator "Gonfreville - Nancy"]
[PlyCount "95"]
[EventDate "2001.03.??"]

1. d4 Nf6 2. c4 c5 3. d5 b5 4. cxb5 a6 5. f3 e6 6. e4 exd5 7. e5 Qe7 8. Qe2 Ng8
9. Nc3 Bb7 10. Nh3 c4 11. Be3 axb5 12. Nf4 Qb4 13. Qd2 Ne7 14. a3 Qa5 15. b4
Qa6 16. Bc5 Qc6 17. Nfe2 Nf5 18. Bxf8 Kxf8 19. Qg5 g6 20. g4 d4 21. Ne4 Ne3 22.
Nxd4 Qd5 23. Qxe3 Qxe5 24. Nc2 Bxe4 25. fxe4 Nc6 26. Rd1 Ra7 27. Bg2 Qb2 28.
Qc5+ Kg7 29. Qf2 Rb7 30. O-O Rf8 31. Nd4 Qxf2+ 32. Rxf2 Ne5 33. h3 Ra8 34. Ra2
Rba7 35. Bf1 Rb8 36. Kf2 Kf6 37. Ke3 Rb6 38. Rf2+ Ke7 39. Nc2 Raa6 40. Rd5 f6
41. g5 Nf7 42. gxf6+ Rxf6 43. Rxb5 Rxf2 44. Kxf2 Rf6+ 45. Kg2 Nd6 46. e5 Nxb5
47. exf6+ Kxf6 48. Bxc4 1-0